000 00500nam a22001812 4500
001 0000012168
005 20151217152108.0
008 090211s xx 000 0 eng d
040 _aKABU
_cKABU
100 1 _aLawrence, D. H.
_@0000168404
245 1 4 _aThe Woman who rode away /
_cD. H. Lawrence.
250 _a1st ed.
260 _aLondon :
_bEvergreen Books,
_c1940.
300 _a253 p.
852 1 _9p200 KES
908 _a090211
950 _@1
999 _c8205
_d8205